[Event "26th EUR-ch"]
[Site "Katowice POL"]
[Date "2026.04.09"]
[Round "3.19"]
[White "Moroni, Luca jr"]
[Black "Bodrogi, Bendeguz"]
[Result "1-0"]
[WhiteElo "2551"]
[BlackElo "2454"]
[EventDate "2026.04.07"]
[PlyCount "119"]

1.d4 d5 2.c4 e6 3.Nc3 a6 4.cxd5 exd5 5.Nf3 Be6 6.Bf4 Bd6 7.e3 Bxf4 8.exf4 
Nc6 9.h3 Nge7 10.Be2 Qd6 11.Qd2 f6 12.O-O-O Bf5 13.Nh4 O-O-O 14.g4 Be4 15.
f3 Bg6 16.f5 Bf7 17.f4 Na7 18.Kb1 c5 19.dxc5 Qxc5 20.Rc1 Nac6 21.Na4 Qd6 
22.Nf3 d4 23.Rhd1 Kb8 24.Nc5 Nd5 25.Nxd4 Nxd4 26.Qxd4 Qxf4 27.Nd7+ Ka8 28.
Qxf4 Nxf4 29.Bf3 Nd5 30.Rxd5 Bxd5 31.Nb6+ Kb8 32.Nxd5 Rhe8 33.a4 Re5 34.
Rd1 a5 35.Kc2 h5 36.Rd3 h4 37.Kd2 Rd6 38.b3 Ka7 39.Nf4 Rxd3+ 40.Nxd3 Re8 
41.Nf4 Rd8+ 42.Bd5 b5 43.Ke3 bxa4 44.bxa4 Rb8 45.Ne6 Rb4 46.Nxg7 Rxa4 47.
Nh5 Ra3+ 48.Kf4 Rxh3 49.Nxf6 Rd3 50.g5 h3 51.g6 Rxd5 52.Nxd5 h2 53.g7 h1=Q
54.g8=Q Qf1+ 55.Ke5 Qe2+ 56.Kd6 Qh2+ 57.Kd7 a4 58.Qe6 Qh7+ 59.Qe7 Qxf5+ 
60.Kc6+ 1-0

[Event "26th EUR-ch"]
[Site "Katowice POL"]
[Date "2026.04.09"]
[Round "3.20"]
[White "Can, Emre"]
[Black "Dehtiarov, Roman"]
[Result "0-1"]
[WhiteElo "2546"]
[BlackElo "2452"]
[EventDate "2026.04.07"]
[PlyCount "68"]

1.e4 c5 2.Nf3 d6 3.d4 cxd4 4.Nxd4 Nf6 5.Nc3 Nc6 6.Bg5 g6 7.Bxf6 exf6 8.Bb5
Bd7 9.O-O Bg7 10.Nde2 Be6 11.Nf4 O-O 12.Ncd5 f5 13.exf5 Bxf5 14.c3 Ne5 15.
Ne3 Be4 16.Nfd5 Rc8 17.Qa4 Nf3+ 18.Kh1 Qh4 19.h3 Be5 20.Bd7 Rcd8 21.Rad1 
f5 22.Bb5 Nh2 23.Kg1 Nf3+ 24.Kh1 Nh2 25.Kg1 Nxf1 26.Bxf1 g5 27.g3 Qh6 28.
Ne7+ Kh8 29.Bg2 Bxg2 30.Kxg2 Qe6 31.N7d5 f4 32.Ng4 fxg3 33.fxg3 Qf5 34.Kh2
Qf3 0-1

[Event "26th EUR-ch"]
[Site "Katowice POL"]
[Date "2026.04.09"]
[Round "3.21"]
[White "Malek, Jan"]
[Black "Sousa, Andre Ventura"]
[Result "1-0"]
[WhiteElo "2533"]
[BlackElo "2447"]
[EventDate "2026.04.07"]
[PlyCount "107"]

1.c4 e6 2.Nc3 Nf6 3.e4 d5 4.cxd5 exd5 5.e5 d4 6.exf6 dxc3 7.Bb5+ Nc6 8.
Qe2+ Be6 9.dxc3 Qxf6 10.Nf3 Bd6 11.Ng5 O-O 12.Nxe6 Rfe8 13.Bc4 Na5 14.Bg5 
Qg6 15.Bd3 Qxe6 16.Qxe6 Rxe6+ 17.Kd2 Nc6 18.Kc2 h6 19.Be3 Ne5 20.Be2 Rg6 
21.Bf4 Rf6 22.Bg3 Ng6 23.Rhf1 Bxg3 24.hxg3 Re8 25.Bf3 Ne5 26.Bxb7 Ng4 27.
Rae1 Rxf2+ 28.Rxf2 Rxe1 29.Rf4 Re2+ 30.Kb3 Ne3 31.Re4 Kf8 32.Bc6 f5 33.
Re8+ Kf7 34.Rc8 Nd1 35.Rxc7+ Kf6 36.Rxa7 Rxb2+ 37.Kc4 Ne3+ 38.Kc5 Rc2 39.
Kd4 Nxg2 40.c4 f4 41.Ra6 Kg5 42.Be4 Rd2+ 43.Kc3 Re2 44.Kd3 Re3+ 45.Kd4 
Rxg3 46.c5 f3 47.Ra3 Kf4 48.Ra7 Nh4 49.Rf7+ Kg5 50.c6 f2 51.Rxf2 Rg1 52.c7
Rc1 53.Rc2 Nf3+ 54.Kc3 1-0

[Event "26th EUR-ch"]
[Site "Katowice POL"]
[Date "2026.04.09"]
[Round "3.22"]
[White "Tutisani, Noe"]
[Black "Maksimovic, Bojan"]
[Result "1/2-1/2"]
[WhiteElo "2454"]
[BlackElo "2531"]
[EventDate "2026.04.07"]
[PlyCount "63"]

1.e4 c5 2.Nf3 e6 3.d4 cxd4 4.Nxd4 a6 5.Nc3 b5 6.Bd3 Bb7 7.O-O b4 8.Na4 Nc6
9.c3 bxc3 10.Nxc6 Bxc6 11.Nxc3 Nf6 12.Qe2 Qb6 13.Bg5 h6 14.Bxf6 gxf6 15.
Nd5 Bxd5 16.exd5 Bd6 17.Rac1 Ke7 18.Rc4 a5 19.b3 Rag8 20.Kh1 Rg5 21.Be4 f5
22.f4 fxe4 23.fxg5 hxg5 24.h3 exd5 25.Qb2 Bf4 26.Qxh8 dxc4 27.bxc4 Qe3 28.
h4 Qe2 29.Rb1 Qd3 30.Re1 Bg3 31.hxg5 Bxe1 32.Qf6+ 1/2-1/2

[Event "26th EUR-ch"]
[Site "Katowice POL"]
[Date "2026.04.09"]
[Round "3.23"]
[White "Alexakis, Dimitris"]
[Black "Ghimpu, Samuel-Timotei"]
[Result "1-0"]
[WhiteElo "2528"]
[BlackElo "2443"]
[EventDate "2026.04.07"]
[PlyCount "91"]

1.e4 c6 2.d4 d5 3.e5 c5 4.dxc5 e6 5.c3 Nd7 6.Nf3 Bxc5 7.Nbd2 Qb6 8.Qe2 Qa6
9.b4 Qxe2+ 10.Bxe2 Bf8 11.O-O Ne7 12.Re1 Ng6 13.Bf1 Be7 14.a3 O-O 15.Bb2 
Nb6 16.c4 dxc4 17.Bd4 c3 18.Bxc3 Bd7 19.g3 a5 20.Bd4 Nd5 21.b5 a4 22.h4 
Rfc8 23.h5 Nf8 24.Ne4 h6 25.Nfd2 Be8 26.Nc4 Bxb5 27.Ncd6 Bc6 28.Nxc8 Rxc8 
29.Bc5 Nd7 30.Bxe7 Nxe7 31.Nd6 Rd8 32.Bg2 Nd5 33.Rac1 f6 34.exf6 N7xf6 35.
Rxe6 Nxh5 36.Nf5 Nhf6 37.Ne7+ Nxe7 38.Rxe7 Kf8 39.Re3 Bxg2 40.Kxg2 Rd7 41.
Rc4 b5 42.Rc8+ Kf7 43.Rb8 Rd5 44.Rb7+ Kg8 45.Ree7 Rg5 46.f4 1-0

[Event "26th EUR-ch"]
[Site "Katowice POL"]
[Date "2026.04.09"]
[Round "3.24"]
[White "Isik, Alparslan"]
[Black "Vogel, Roven"]
[Result "1/2-1/2"]
[WhiteElo "2435"]
[BlackElo "2524"]
[EventDate "2026.04.07"]
[PlyCount "89"]

1.e4 e5 2.Nf3 Nc6 3.Bb5 Nf6 4.O-O Nxe4 5.Re1 Nd6 6.Nxe5 Be7 7.Bf1 Nf5 8.
Nf3 O-O 9.d4 d5 10.c3 Bd6 11.a4 Nh4 12.g3 Nxf3+ 13.Qxf3 Be6 14.Na3 a6 15.
Nc2 Na5 16.Bf4 Nb3 17.Rad1 c6 18.Bxd6 Qxd6 19.Ne3 b5 20.axb5 axb5 21.Bd3 
Na5 22.b4 Nc4 23.Bxc4 bxc4 24.Ra1 Rfb8 25.h4 Qd8 26.Qf4 h6 27.Kg2 Rxa1 28.
Rxa1 Ra8 29.Rxa8 Qxa8 30.Qc7 h5 31.Qa5 Qe8 32.Qc7 Qa8 33.Qa5 Qe8 34.f3 Bf5
35.Kf2 Bd3 36.Qa7 f6 37.Qb7 Kh7 38.b5 cxb5 39.Qxd5 b4 40.cxb4 Qa4 41.Qxh5+
Kg8 42.Qa5 Qb3 43.Qd5+ Kh7 44.Qh5+ Kg8 45.Qe8+ 1/2-1/2

[Event "26th EUR-ch"]
[Site "Katowice POL"]
[Date "2026.04.09"]
[Round "3.25"]
[White "Kadric, Denis"]
[Black "Kiolbasa, Oliwia"]
[Result "1-0"]
[WhiteElo "2523"]
[BlackElo "2394"]
[EventDate "2026.04.07"]
[PlyCount "69"]

1.Nf3 d5 2.g3 Nf6 3.Bg2 e6 4.O-O Be7 5.d3 O-O 6.Nc3 c5 7.a4 Nc6 8.e4 h6 9.
Bf4 Nh5 10.Bd2 Nf6 11.h4 dxe4 12.dxe4 e5 13.Nh2 Be6 14.Be3 Qb6 15.Nd5 Bxd5
16.exd5 Rad8 17.Rb1 Qa6 18.b3 c4 19.Ng4 cxb3 20.Rxb3 Nxg4 21.Qxg4 f5 22.
Qh5 Na5 23.Rb5 Kh7 24.d6 Bxd6 25.Bh3 f4 26.Bf5+ Kh8 27.gxf4 Rxf5 28.Qxf5 
Rf8 29.Qe4 exf4 30.Bd4 f3 31.Kh1 Rf4 32.Bxg7+ Kxg7 33.Rg1+ Kh8 34.Rh5 Rf6 
35.Rxh6+ 1-0

[Event "26th EUR-ch"]
[Site "Katowice POL"]
[Date "2026.04.09"]
[Round "3.26"]
[White "Sherman, Raem"]
[Black "Brunello, Sabino"]
[Result "0-1"]
[WhiteElo "2391"]
[BlackElo "2516"]
[EventDate "2026.04.07"]
[PlyCount "112"]

1.e4 c5 2.Nf3 d6 3.Bb5+ Nd7 4.Ba4 Nf6 5.O-O a6 6.c4 e6 7.Nc3 Be7 8.d4 cxd4
9.Nxd4 O-O 10.Qe2 Qc7 11.Kh1 Ne5 12.Bb3 Nc6 13.Be3 Nxd4 14.Bxd4 e5 15.Be3 
Be6 16.Rac1 Rfc8 17.Nd5 Bxd5 18.exd5 Nd7 19.f4 exf4 20.Bxf4 Bf6 21.Bc2 Re8
22.Qd3 g6 23.b3 a5 24.Rce1 Rxe1 25.Rxe1 Ne5 26.Qe2 a4 27.bxa4 Nxc4 28.Bb3 
Ne5 29.h3 h5 30.Rc1 Qe7 31.Bh2 Bg7 32.Qb5 Kh7 33.Qb6 Nd3 34.Rf1 Ne5 35.Rc1
Re8 36.Qb5 Qg5 37.Rf1 Re7 38.a5 Rc7 39.a6 bxa6 40.Qxa6 Rc1 41.Qe2 Rc3 42.
Bf4 Qh4 43.Bd2 Rc7 44.Qe3 f5 45.a4 Rb7 46.Be1 Qe4 47.Qxe4 fxe4 48.Bc2 e3 
49.Bg3 Rb2 50.Be4 h4 51.Be1 Ra2 52.a5 Ra1 53.Rg1 e2 54.Bc2 Bh6 55.Bxh4 Rf1
56.Kh2 Bf4+ 0-1

[Event "26th EUR-ch"]
[Site "Katowice POL"]
[Date "2026.04.09"]
[Round "3.27"]
[White "Olszewski, Michal"]
[Black "Pasti, Aron"]
[Result "1/2-1/2"]
[WhiteElo "2516"]
[BlackElo "2388"]
[EventDate "2026.04.07"]
[PlyCount "114"]

1.Nf3 d5 2.e3 Nf6 3.c4 e6 4.b3 b6 5.Bb2 Bb7 6.Nc3 Nbd7 7.d4 Bd6 8.Bd3 O-O 
9.O-O a6 10.cxd5 exd5 11.Bf5 b5 12.Rc1 Qe7 13.Ne1 c5 14.Bxd7 Nxd7 15.dxc5 
Nxc5 16.Nxd5 Qe6 17.Nf4 Bxf4 18.exf4 Rfd8 19.Qh5 Rd5 20.Qh4 Re8 21.Nf3 Nd3
22.Rc7 Nxb2 23.Ng5 Rxg5 24.Qxg5 Bd5 25.Rc3 Be4 26.Re1 h6 27.Qg3 Qd7 28.h3 
Re6 29.Qg4 Nd3 30.Rxe4 Nxf2 31.Kxf2 Qd2+ 32.Kg1 Qxc3 33.Rxe6 fxe6 34.Qxe6+
Kh7 35.Qe4+ Kh8 36.Kh2 Qd2 37.a3 a5 38.Qe8+ Kh7 39.Qe4+ Kh8 40.a4 bxa4 41.
bxa4 Qb4 42.Qe8+ Kh7 43.Kg3 Qc3+ 44.Kg4 Qc2 45.g3 Qd1+ 46.Kh4 Qd4 47.Qb5 
Qd8+ 48.Kg4 Qd1+ 49.Kf5 Qc2+ 50.Ke6 Qg6+ 51.Ke7 Qxg3 52.Qf5+ Kh8 53.Qf8+ 
Kh7 54.Qf5+ Kh8 55.Kf7 Qb3+ 56.Qe6 Qb7+ 57.Kg6 Qg2+ 1/2-1/2

[Event "26th EUR-ch"]
[Site "Katowice POL"]
[Date "2026.04.09"]
[Round "3.28"]
[White "Sahidi, Samir"]
[Black "Kucza, Karol"]
[Result "1-0"]
[WhiteElo "2513"]
[BlackElo "2319"]
[EventDate "2026.04.07"]
[PlyCount "75"]

1.e4 e5 2.Nf3 Nc6 3.Bb5 a6 4.Ba4 Nf6 5.d3 b5 6.Bb3 Bc5 7.c3 d6 8.O-O O-O 
9.Re1 Bb6 10.a4 Bd7 11.Bg5 Qe7 12.Na3 Na5 13.Bd5 c6 14.Ba2 h6 15.Bh4 g5 
16.Bg3 Bg4 17.Nc2 Nh5 18.d4 Nxg3 19.hxg3 Qf6 20.axb5 axb5 21.Qd3 Rfb8 22.
Nd2 Nb7 23.Nf1 Be6 24.Bxe6 fxe6 25.Nfe3 h5 26.dxe5 Qxe5 27.Nd4 Bxd4 28.
cxd4 Qg7 29.Rac1 Nd8 30.d5 Qe5 31.dxe6 Qxe6 32.Nf5 Ra2 33.Qe3 Nf7 34.Rxc6 
Rxb2 35.Rxd6 Nxd6 36.Qxg5+ Kf8 37.Qg7+ Ke8 38.Qxb2 1-0

[Event "26th EUR-ch"]
[Site "Katowice POL"]
[Date "2026.04.09"]
[Round "3.29"]
[White "Brzezina, Piotr"]
[Black "Stefansson, Vignir Vatnar"]
[Result "1/2-1/2"]
[WhiteElo "2327"]
[BlackElo "2512"]
[EventDate "2026.04.07"]
[PlyCount "166"]

1.e4 c5 2.Nf3 Nc6 3.d4 cxd4 4.Nxd4 Qb6 5.Nb3 Nf6 6.Nc3 e6 7.Be3 Qc7 8.Bd3 
Bb4 9.O-O Bxc3 10.bxc3 d6 11.f4 e5 12.Qf3 h6 13.a4 Bd7 14.a5 exf4 15.Qxf4 
Ne5 16.c4 Ng6 17.Qg3 Ng4 18.Bd4 N4e5 19.c5 dxc5 20.Nxc5 O-O-O 21.Rab1 Bc6 
22.Qh3+ Bd7 23.Qe3 Bc6 24.Ba6 Ng4 25.Qh3 Rxd4 26.Bxb7+ Bxb7 27.Qxg4+ Kd8 
28.Nxb7+ Ke7 29.Qf5 Ne5 30.Rb5 f6 31.Nc5 Qc8 32.Rb7+ Kd6 33.Qxc8 Rxc8 34.
Nb3 Rxe4 35.Rd1+ Kc6 36.Rxg7 Kb5 37.Rxa7 Kb4 38.Rd4+ Rxd4 39.Nxd4 Rc4 40.
Nf3 Nxf3+ 41.gxf3 Rxc2 42.a6 Ra2 43.Ra8 Kb5 44.a7 Kb6 45.Rf8 Rxa7 46.Rxf6+
Kc5 47.Rxh6 Kd5 48.Kf2 Ke5 49.Rg6 Kf5 50.Rg4 Ra1 51.h4 Kf6 52.Kg3 Rh1 53.
Ra4 Kg6 54.Ra6+ Kg7 55.Ra5 Kg6 56.Kg4 Rg1+ 57.Kf4 Rh1 58.Ra6+ Kg7 59.Kg5 
Rg1+ 60.Kf5 Rf1 61.f4 Rh1 62.Ra7+ Kh6 63.Ra6+ Kh7 64.Kg5 Rg1+ 65.Kf5 Rh1 
66.Ra7+ Kh6 67.Ke6 Rxh4 68.f5 Rb4 69.Kf7 Rb5 70.f6 Rb8 71.Re7 Kh7 72.Re8 
Rb7+ 73.Ke6 Rb6+ 74.Kf5 Rb5+ 75.Re5 Rb1 76.Re8 Rb5+ 77.Ke6 Rb6+ 78.Kf7 
Rb7+ 79.Re7 Rb8 80.Re6 Ra8 81.Rd6 Ra7+ 82.Ke8 Kg8 83.f7+ Rxf7 1/2-1/2

[Event "26th EUR-ch"]
[Site "Katowice POL"]
[Date "2026.04.09"]
[Round "3.30"]
[White "Stocek, Jiri"]
[Black "Lyakh, Vasiliy"]
[Result "1/2-1/2"]
[WhiteElo "2512"]
[BlackElo "2314"]
[EventDate "2026.04.07"]
[PlyCount "156"]

1.d4 Nf6 2.Nf3 d5 3.c4 e6 4.Nc3 Be7 5.Bg5 h6 6.Bh4 O-O 7.e3 b6 8.Bd3 Bb7 
9.O-O Nbd7 10.Qe2 c5 11.Bg3 Rc8 12.cxd5 Nxd5 13.Nxd5 exd5 14.Ba6 Bxa6 15.
Qxa6 Ra8 16.Qb7 Nf6 17.Rfd1 Re8 18.dxc5 bxc5 19.Qb5 Qb6 20.a4 Qe6 21.a5 
Ne4 22.Qb7 Bf6 23.Rac1 Rad8 24.a6 Rd7 25.Qb5 Red8 26.b4 cxb4 27.Qxb4 Qxa6 
28.Be5 Rb7 29.Qe1 Bxe5 30.Nxe5 Qf6 31.Nc6 Rd6 32.Nd4 Rb2 33.f3 Qg6 34.Rc2 
Rxc2 35.Nxc2 Ng5 36.Nd4 Rb6 37.Qd2 Ne6 38.Ne2 Rd6 39.Qd3 Qxd3 40.Rxd3 Nc5 
41.Rc3 Ne6 42.Ra3 Rd7 43.g4 Kf8 44.Kf2 Ke7 45.Nd4 Nxd4 46.exd4 f5 47.gxf5 
Kf6 48.Kg3 Kxf5 49.h4 h5 50.Ra6 g5 51.hxg5 Kxg5 52.Ra5 h4+ 53.Kh3 Kf4 54.
Ra3 Rg7 55.Ra5 Rd7 56.Ra3 Rf7 57.Ra5 Rf5 58.Ra3 Rh5 59.Rxa7 Kxf3 60.Re7 
Kf4 61.Re8 Kf5 62.Re5+ Kg6 63.Re6+ Kf7 64.Ra6 Ke7 65.Rb6 Rh8 66.Rg6 Rh5 
67.Rb6 Rf5 68.Kxh4 Rf4+ 69.Kg3 Rxd4 70.Kf3 Re4 71.Ra6 Re1 72.Rb6 Kd7 73.
Ra6 Kc7 74.Rh6 Re7 75.Ra6 Re8 76.Rh6 Kd7 77.Ra6 Re6 78.Rxe6 Kxe6 1/2-1/2

[Event "26th EUR-ch"]
[Site "Katowice POL"]
[Date "2026.04.09"]
[Round "3.31"]
[White "Davtian, Artur"]
[Black "Sason, Noam"]
[Result "0-1"]
[WhiteElo "2510"]
[BlackElo "2199"]
[EventDate "2026.04.07"]
[PlyCount "72"]

1.e4 c5 2.Nf3 d6 3.d4 cxd4 4.Nxd4 Nf6 5.Nc3 a6 6.Qd3 g6 7.Bg5 Bg7 8.O-O-O 
h6 9.Bh4 Nbd7 10.Be2 h5 11.f4 Qc7 12.Qe3 Nb6 13.Kb1 Bd7 14.h3 O-O-O 15.Bf2
Nc4 16.Bxc4 Qxc4 17.e5 dxe5 18.fxe5 Nd5 19.Nxd5 Qxd5 20.Nf3 Qa5 21.Qa7 Be6
22.a3 Kc7 23.Nd4 Bxe5 24.Rhe1 Bxd4 25.Rxd4 Rxd4 26.Qxd4 Rd8 27.Qf4+ Kc8 
28.b3 Qd2 29.Re3 Bxb3 30.cxb3 Qd1+ 31.Kb2 Qd2+ 32.Kb1 Qd1+ 33.Kb2 Rd2+ 34.
Kc3 Qc2+ 35.Kb4 a5+ 36.Kxa5 Rd5+ 0-1

[Event "26th EUR-ch"]
[Site "Katowice POL"]
[Date "2026.04.09"]
[Round "3.32"]
[White "Ljepic, Andrej"]
[Black "Anton Guijarro, David"]
[Result "0-1"]
[WhiteElo "2446"]
[BlackElo "2656"]
[EventDate "2026.04.07"]
[PlyCount "70"]

1.e4 c5 2.Nf3 Nc6 3.Bb5 e6 4.O-O Nge7 5.Re1 Nd4 6.Nxd4 cxd4 7.c3 a6 8.Bf1 
Nc6 9.b4 Bd6 10.a4 O-O 11.Na3 f5 12.Nc4 Bxh2+ 13.Kxh2 Qh4+ 14.Kg1 fxe4 15.
g3 Qf6 16.Qe2 d5 17.Nb6 Ne5 18.Bh3 g5 19.Rf1 Qg6 20.Bg4 d3 21.Qd1 Rf3 22.
Bxf3 Nxf3+ 23.Kg2 e5 24.Nxc8 Rxc8 25.b5 a5 26.Ba3 Rc4 27.Rh1 b6 28.Rh3 g4 
29.Rh2 e3 30.fxe3 Qe4 31.Qh1 Rc7 32.Rh5 Nxd2+ 33.Kh2 Nf3+ 34.Kg2 Rf7 35.
Ra2 Nd2+ 0-1

[Event "26th EUR-ch"]
[Site "Katowice POL"]
[Date "2026.04.09"]
[Round "3.33"]
[White "Kuru, Atilla"]
[Black "Navara, David"]
[Result "1/2-1/2"]
[WhiteElo "2444"]
[BlackElo "2643"]
[EventDate "2026.04.07"]
[PlyCount "80"]

1.Nf3 d5 2.g3 c6 3.Bg2 Bg4 4.h3 Bh5 5.O-O Nd7 6.d4 e6 7.c4 Ngf6 8.cxd5 
exd5 9.Qb3 Qb6 10.Qe3+ Be7 11.Nh4 Bg6 12.Nc3 Qd8 13.Rd1 O-O 14.Nxg6 hxg6 
15.Qd3 Re8 16.Bg5 Ne4 17.Bf4 f5 18.Nxe4 fxe4 19.Qb3 g5 20.Be3 Qb6 21.Qc2 
Bf6 22.Rab1 a5 23.a3 Ra7 24.b4 axb4 25.Rxb4 Qc7 26.Rdb1 Nf8 27.a4 Rea8 28.
Bd2 Ne6 29.e3 Nd8 30.Kh2 Be7 31.R4b2 Rxa4 32.f3 exf3 33.Bxf3 Bd6 34.Kg2 
Bxg3 35.Qg6 Bh4 36.Qe8+ Kh7 37.Qh5+ Kg8 38.Qe8+ Kh7 39.Qh5+ Kg8 40.Qe8+ 
Kh7 1/2-1/2

[Event "26th EUR-ch"]
[Site "Katowice POL"]
[Date "2026.04.09"]
[Round "3.34"]
[White "Donchenko, Alexander"]
[Black "Prokofiev, Valentyn"]
[Result "1/2-1/2"]
[WhiteElo "2642"]
[BlackElo "2433"]
[EventDate "2026.04.07"]
[PlyCount "118"]

1.d4 d5 2.c4 e6 3.Nf3 Nf6 4.Nc3 Be7 5.Bf4 O-O 6.e3 b6 7.Bd3 dxc4 8.Bxc4 
Bb7 9.O-O a6 10.Qe2 b5 11.Bd3 c5 12.dxc5 Bxc5 13.Rad1 Qe7 14.e4 h6 15.Bb1 
Nbd7 16.Bc1 Ng4 17.Bf4 Nb6 18.h3 Nxf2 19.Rxf2 b4 20.Be3 bxc3 21.bxc3 Bxe3 
22.Qxe3 Nc4 23.Qd3 Rfd8 24.Nd4 Ne5 25.Qg3 Qg5 26.Qxg5 hxg5 27.Rb2 Rd7 28.
Bc2 Rc7 29.Bb3 Rd8 30.Kh2 Re8 31.Ba4 Ree7 32.Nf3 Nxf3+ 33.gxf3 Rxc3 34.
Rd8+ Kh7 35.Rb8 Bc8 36.Rc2 Rec7 37.Rxc3 Rxc3 38.Kg3 Kg6 39.h4 Kh5 40.hxg5 
Kxg5 41.Ra8 Rc7 42.Bb3 Kf6 43.Kf4 Ke7 44.Ke5 g5 45.Kd4 Kf6 46.Bc4 g4 47.
e5+ Kg5 48.fxg4 Kxg4 49.Bxa6 Bxa6 50.Rxa6 Kf5 51.Ra5 Rd7+ 52.Ke3 Rb7 53.a4
Rb3+ 54.Kd4 Rf3 55.Ra7 Rf4+ 56.Ke3 Re4+ 57.Kd3 Kxe5 58.Rxf7 Rxa4 59.Rh7 
Ra3+ 1/2-1/2

[Event "26th EUR-ch"]
[Site "Katowice POL"]
[Date "2026.04.09"]
[Round "3.35"]
[White "Jakubowski, Krzysztof"]
[Black "Demchenko, Anton"]
[Result "1/2-1/2"]
[WhiteElo "2434"]
[BlackElo "2636"]
[EventDate "2026.04.07"]
[PlyCount "104"]

1.c4 e5 2.g3 d6 3.Nc3 Be7 4.Bg2 f5 5.b4 Nf6 6.Nf3 O-O 7.O-O Qe8 8.d3 Nc6 
9.b5 Nd8 10.a4 Qh5 11.a5 f4 12.gxf4 Bh3 13.Bxh3 Qxh3 14.Kh1 Ng4 15.Ne4 Ne6
16.Rg1 Nxf4 17.Bxf4 Rxf4 18.Rg3 Qh6 19.Qg1 Nf6 20.Nfd2 Rf8 21.a6 bxa6 22.
Rxa6 Nh5 23.Rg2 Bh4 24.Rxa7 R4f7 25.e3 Qe6 26.Qd1 Qh6 27.Qe1 g6 28.Kg1 Ng7
29.Qe2 Nf5 30.Nf3 Bd8 31.Nfg5 Bxg5 32.Nxg5 Re7 33.b6 cxb6 34.Qa2 Rxa7 35.
Qxa7 Qg7 36.Qxb6 Qd7 37.h3 Nh4 38.Rg4 Qf5 39.e4 Nf3+ 40.Nxf3 Qxf3 41.Rg3 
Qf6 42.Kg2 Kg7 43.Qe3 Qe7 44.Rf3 Ra8 45.d4 Rc8 46.Qd3 h5 47.dxe5 dxe5 48.
Qd5 h4 49.Kf1 Rd8 50.Rf7+ Qxf7 51.Qxd8 Qxc4+ 52.Kg1 Qxe4 1/2-1/2

[Event "26th EUR-ch"]
[Site "Katowice POL"]
[Date "2026.04.09"]
[Round "3.36"]
[White "Sanikidze, Tornike"]
[Black "Martirosian, Haik"]
[Result "0-1"]
[WhiteElo "2432"]
[BlackElo "2633"]
[EventDate "2026.04.07"]
[PlyCount "80"]

1.Nf3 d5 2.g3 g6 3.c4 dxc4 4.Na3 Be6 5.Qc2 Bg7 6.Nxc4 c5 7.Nce5 Qd6 8.Nc4 
Qc7 9.d3 Nc6 10.Bf4 Qd8 11.Nce5 Nxe5 12.Bxe5 Bxe5 13.Nxe5 Qd5 14.Nf3 Nf6 
15.Bg2 O-O 16.O-O Qh5 17.d4 Rac8 18.dxc5 Rxc5 19.Qa4 a6 20.Rfc1 Rfc8 21.
Rxc5 Qxc5 22.a3 Bd5 23.Qd4 Qxd4 24.Nxd4 Bxg2 25.Kxg2 e5 26.Nf3 Rc2 27.b4 
e4 28.Ng1 Kf8 29.Rd1 Ke7 30.Rd4 b5 31.f3 exf3+ 32.Kxf3 Nd7 33.Re4+ Kf6 34.
Rf4+ Ke6 35.Re4+ Ne5+ 36.Kf4 f6 37.Nf3 Rc3 38.h4 h6 39.Rd4 g5+ 40.hxg5 
hxg5+ 0-1

[Event "26th EUR-ch"]
[Site "Katowice POL"]
[Date "2026.04.09"]
[Round "3.37"]
[White "Ivanchuk, Vasyl"]
[Black "Davtian, Arsen"]
[Result "1-0"]
[WhiteElo "2621"]
[BlackElo "2430"]
[EventDate "2026.04.07"]
[PlyCount "71"]

1.c4 e6 2.Nc3 d5 3.d4 Nf6 4.Bg5 Be7 5.e3 h6 6.Bh4 O-O 7.Nf3 b6 8.Be2 Bb7 
9.Bxf6 Bxf6 10.cxd5 exd5 11.b4 c6 12.O-O Nd7 13.Qb3 Be7 14.b5 Nf6 15.bxc6 
Bxc6 16.Rfc1 Bb7 17.a4 Ne4 18.a5 Rc8 19.Nxe4 dxe4 20.Ne5 Rxc1+ 21.Rxc1 Bd5
22.Qb5 Qd6 23.Nc6 Bg5 24.a6 Qa3 25.Rf1 Bxc6 26.Qxc6 Bxe3 27.fxe3 Qxe3+ 28.
Rf2 Qxd4 29.g3 Rd8 30.Bc4 e3 31.Rxf7 Kh8 32.Be2 Qb2 33.Qf3 Kg8 34.Rxa7 
Qc1+ 35.Kg2 Rf8 36.Ra8 1-0

[Event "26th EUR-ch"]
[Site "Katowice POL"]
[Date "2026.04.09"]
[Round "3.38"]
[White "Makkar, Rajat"]
[Black "Lagarde, Maxime"]
[Result "0-1"]
[WhiteElo "2422"]
[BlackElo "2621"]
[EventDate "2026.04.07"]
[PlyCount "82"]

1.e4 c5 2.Nf3 d6 3.d4 cxd4 4.Nxd4 Nf6 5.Nc3 a6 6.Be3 Ng4 7.Bc1 Nf6 8.Be3 
e5 9.Nf3 Qc7 10.a4 Be7 11.Be2 O-O 12.Qd3 Nc6 13.O-O Nb4 14.Qd2 Be6 15.a5 
Rac8 16.Ng5 Bd7 17.f4 h6 18.Nf3 Be6 19.Ra4 d5 20.fxe5 Nxe4 21.Nxe4 dxe4 
22.Rxb4 Bxb4 23.Qxb4 exf3 24.Bxf3 Qxc2 25.Qxb7 Rb8 26.Qxa6 Bc4 27.Qc6 Rfc8
28.Rc1 Qb3 29.Qe4 Bd5 30.Rxc8+ Rxc8 31.Qd4 Bxf3 32.gxf3 Rc4 33.Qb6 Rb4 34.
Qc5 Qd1+ 35.Kg2 Rxb2+ 36.Bf2 Qd3 37.Qd6 Qc2 38.Qd4 Qg6+ 39.Kh3 Ra2 40.Qb6 
Qf5+ 41.Kg2 Ra3 0-1

[Event "26th EUR-ch"]
[Site "Katowice POL"]
[Date "2026.04.09"]
[Round "3.39"]
[White "Sargissian, Gabriel"]
[Black "Sowinski, Pawel"]
[Result "1/2-1/2"]
[WhiteElo "2618"]
[BlackElo "2421"]
[EventDate "2026.04.07"]
[PlyCount "71"]

1.c4 e6 2.Nf3 d5 3.g3 Nf6 4.Bg2 d4 5.O-O Nc6 6.d3 Bc5 7.Nbd2 O-O 8.Nb3 Be7
9.e3 dxe3 10.Bxe3 Ng4 11.Bc5 Bxc5 12.Nxc5 Qe7 13.d4 Rd8 14.Nb3 e5 15.h3 
Nh6 16.d5 e4 17.Nfd4 Ne5 18.Qc2 f5 19.Qc3 Nhf7 20.f3 c5 21.dxc6 bxc6 22.
fxe4 fxe4 23.Qe3 c5 24.Ne2 Ng5 25.Nf4 Nxc4 26.Qxc5 Qxc5+ 27.Nxc5 Ne3 28.
Rf2 Nxg2 29.Kxg2 Rb8 30.Re2 Rb5 31.Rc1 e3 32.g4 h5 33.Nfd3 hxg4 34.hxg4 
Bxg4 35.Rxe3 Bf5 36.Rf1 1/2-1/2

[Event "26th EUR-ch"]
[Site "Katowice POL"]
[Date "2026.04.09"]
[Round "3.40"]
[White "Tadic, Stefan"]
[Black "Santos Latasa, Jaime"]
[Result "0-1"]
[WhiteElo "2421"]
[BlackElo "2610"]
[EventDate "2026.04.07"]
[PlyCount "100"]

1.e4 c6 2.d4 d5 3.e5 Bf5 4.Nf3 e6 5.Be2 Nd7 6.O-O a5 7.a4 f6 8.Re1 fxe5 9.
Nxe5 Nxe5 10.dxe5 Bc5 11.Nd2 Qb6 12.Rf1 Qc7 13.Nb3 Ba7 14.Bh5+ g6 15.Bg4 
Ne7 16.Bg5 Qxe5 17.Re1 Be4 18.Be3 Bxe3 19.Rxe3 h5 20.Bf3 Nf5 21.Bxe4 Nxe3 
22.Bxg6+ Ke7 23.fxe3 Rag8 24.Bd3 Qxe3+ 25.Kh1 b6 26.Be2 h4 27.Qd3 Qxd3 28.
cxd3 e5 29.Nd2 Rf8 30.Nf3 Kd6 31.Kg1 Rf4 32.b3 Rhf8 33.Re1 h3 34.Bd1 hxg2 
35.Kxg2 e4 36.dxe4 Rg4+ 37.Kh3 Rxe4 38.Rxe4 dxe4 39.Nd2 Kd5 40.Kg3 Kd4 41.
h4 b5 42.Bc2 e3 43.Nf3+ Kc3 44.Bd1 Rd8 45.Be2 Kxb3 46.axb5 a4 47.bxc6 a3 
48.Ne5 Kc3 49.Bc4 e2 50.Kf2 Re8 0-1

[Event "26th EUR-ch"]
[Site "Katowice POL"]
[Date "2026.04.09"]
[Round "3.41"]
[White "Maurizzi, Marc`Andria"]
[Black "Govciyan, Pavel"]
[Result "1-0"]
[WhiteElo "2608"]
[BlackElo "2420"]
[EventDate "2026.04.07"]
[PlyCount "87"]

1.e4 e6 2.d4 d5 3.Nc3 Nf6 4.e5 Nfd7 5.f4 c5 6.Nf3 Nc6 7.Be3 cxd4 8.Nxd4 
Qb6 9.Qd2 Qxb2 10.Rb1 Qa3 11.Bb5 Nxd4 12.Bxd4 a6 13.Bxd7+ Bxd7 14.Rb3 Qe7 
15.Rxb7 Qh4+ 16.Bf2 Qd8 17.Bb6 Qc8 18.Rc7 Qd8 19.Qd4 Ba3 20.f5 O-O 21.f6 
gxf6 22.O-O Kh8 23.Nxd5 Bc6 24.Rxc6 Qxd5 25.Qxd5 exd5 26.Rcxf6 Bb2 27.Rxf7
Rxf7 28.Rxf7 Bxe5 29.Rf5 Rb8 30.Rxe5 Rxb6 31.Rxd5 Rb1+ 32.Kf2 Rb2 33.Rd2 
Rxa2 34.Ke3 Kg7 35.c4 Ra1 36.Kd4 Kf6 37.Kd5 Ke7 38.Kc6 h5 39.c5 a5 40.Rd5 
Ra2 41.Rxh5 Rxg2 42.Rh7+ Kd8 43.Rh8+ Ke7 44.Ra8 1-0

[Event "26th EUR-ch"]
[Site "Katowice POL"]
[Date "2026.04.09"]
[Round "3.42"]
[White "Yuffa, Daniil"]
[Black "Reuker, Jari"]
[Result "1-0"]
[WhiteElo "2595"]
[BlackElo "2413"]
[EventDate "2026.04.07"]
[PlyCount "71"]

1.d4 Nf6 2.c4 e6 3.Nf3 d5 4.Nc3 Bb4 5.cxd5 exd5 6.Bf4 O-O 7.e3 c5 8.Bd3 c4
9.Bb1 Bg4 10.O-O Nbd7 11.Qc2 Bxf3 12.gxf3 g6 13.Bg5 Qc7 14.a3 Bxc3 15.bxc3
Kg7 16.Qd2 Rfe8 17.Bc2 b5 18.Rfe1 Qc6 19.Qe2 h6 20.Bh4 Nh5 21.Qf1 Nb6 22.
e4 Re6 23.Bg3 Rae8 24.Re3 a5 25.Rb1 Nf6 26.Qg2 Nbd7 27.e5 Nh5 28.f4 f5 29.
Bd1 Kh7 30.Bxh5 gxh5 31.Qh3 Kg6 32.Bh4 Rf8 33.Rg3+ Kh7 34.Qg2 Kh8 35.Kh1 
Ree8 36.Rg1 1-0

[Event "26th EUR-ch"]
[Site "Katowice POL"]
[Date "2026.04.09"]
[Round "3.43"]
[White "Schoppen, Casper"]
[Black "Injac, Teodora"]
[Result "1/2-1/2"]
[WhiteElo "2588"]
[BlackElo "2410"]
[EventDate "2026.04.07"]
[PlyCount "74"]

1.c4 c5 2.Nf3 Nc6 3.g3 g6 4.Bg2 Bg7 5.O-O d6 6.Nc3 Rb8 7.e3 Nf6 8.d4 O-O 
9.b3 Be6 10.Bb2 cxd4 11.Nxd4 Nxd4 12.Qxd4 Nd5 13.Qd2 Nxc3 14.Bxc3 Bxc3 15.
Qxc3 Qc7 16.Rac1 Rfc8 17.Qd2 Qc5 18.h4 a5 19.Rfd1 Qb4 20.Qd4 Rc5 21.Bf3 a4
22.h5 axb3 23.h6 f6 24.axb3 Qxb3 25.Qa1 Qb6 26.Bd5 Bxd5 27.cxd5 Rbc8 28.
Rb1 Qc7 29.Qa4 Rc4 30.Qb5 Kf7 31.Kg2 Rc5 32.Qxb7 Qxb7 33.Rxb7 g5 34.g4 
R8c7 35.Rxc7 Rxc7 36.e4 Kg6 37.Rh1 Rc3 1/2-1/2

[Event "26th EUR-ch"]
[Site "Katowice POL"]
[Date "2026.04.09"]
[Round "3.44"]
[White "Fus, Jakub"]
[Black "Lupulescu, Constantin"]
[Result "1/2-1/2"]
[WhiteElo "2410"]
[BlackElo "2587"]
[EventDate "2026.04.07"]
[PlyCount "58"]

1.d4 d5 2.c4 e6 3.Nf3 Nf6 4.Nc3 Be7 5.Bg5 h6 6.Bh4 O-O 7.e3 Ne4 8.Bxe7 
Qxe7 9.Rc1 Nxc3 10.Rxc3 c6 11.Bd3 dxc4 12.Rxc4 Nd7 13.O-O e5 14.dxe5 Nxe5 
15.Re4 Nxf3+ 16.Qxf3 Be6 17.Bc4 Rad8 18.Bxe6 fxe6 19.Qe2 Rd5 20.g3 Rfd8 
21.b4 Rd2 22.Qc4 R8d5 23.a4 Qd6 24.Rc1 Re5 25.Rd4 Rxd4 26.Qxd4 Qxd4 27.
exd4 Re4 28.Rd1 Kf7 29.b5 cxb5 1/2-1/2